| 000 | 00446nam a2200181Ia 4500 | ||
|---|---|---|---|
| 001 | 17619 | ||
| 005 | 20260306171530.0 | ||
| 008 | 260306s9999||||xx |||||||||||||| ||und|| | ||
| 041 | _aESP | ||
| 082 |
_a658.16 _bM27 |
||
| 100 |
_aMascareñas Pérez-Iñigo, Juan _eAUT |
||
| 245 | 0 | _aFusiones y adquisiciones de empresas | |
| 260 | _c2000 | ||
| 300 |
_a438 páginas : _c23 cm. |
||
| 650 | _aGEN | ||
| 654 | _aCAN | ||
| 942 |
_cLIB _dJUS _fJUS _2ddc _n |
||
| 999 |
_c17619 _d17619 |
||